000 00895nam a22002417a 4500
999 _c11021
_d11021
003 AR-CdUCM
008 190402b ||||| |||| 00| 0 spa d
040 _aMUNICIPALIDAD PROVINCIAL DEL CUSCO
_cBIBLIOTECA MUNICIPAL DEL CUSCO
082 _aES / 950 /
_bS25
100 _aSawyers, Martha
_928132
245 _aExtremo Oriente /
260 _aBarcelona :
_bEditorial Timun Mas,
_c1970.
300 _a93 páginas ;
_bIlustraciones,
_c31 cm.
500 _aEnciclopedia en colores
505 _aContenido: China - un poco de geografía -- Breve resumen históricos -- Los habitantes -- Religión -- La medicina -- El refinado arte culinario -- Ciudades y pueblos...
650 _aEnciclopedia
_918075
650 _aGeografía
_9318
650 _aMapas
_916445
700 _aReusswig, William
_928133
700 _aRivera, Antonio (traducción)
_928134
942 _2ddc
_cLIBROS
945 _adavv